Efectos de la desregulación sobre la competitividad de la producción argentina (Registro nro. 7679)

Detalles MARC
000 -LEADER
fixed length control field 00820 a2200229 4500
001 - CONTROL NUMBER
control field 62485
005 - DATE AND TIME OF LATEST TRANSACTION
control field 20260407155918.0
008 - FIXED-LENGTH DATA ELEMENTS--GENERAL INFORMATION
fixed length control field 260407a1994 arg spa d
003 - CONTROL NUMBER IDENTIFIER
control field AR-UNSa-BCEJYS
040 ## - CATALOGING SOURCE
Original cataloging agency AR-UNSa-BCEJYS
Language of cataloging spa
Transcribing agency AR-UNSa-BCEJYS
080 ## - UNIVERSAL DECIMAL CLASSIFICATION NUMBER
Universal Decimal Classification number 338
Common auxiliary subdivision Situación económica. Política económica. Gestión de la economía. Planificación de la economía. Producción. Servicios. Precios
020 ## - INTERNATIONAL STANDARD BOOK NUMBER
International Standard Book Number 978-950-694-354-7
041 ## - LANGUAGE CODE
Language code of text/sound track or separate title spa
100 1# - MAIN ENTRY--PERSONAL NAME
Personal name Scheinkerman de Obschatko, Edith
245 10 - TITLE STATEMENT
Title Efectos de la desregulación sobre la competitividad de la producción argentina
264 #1 - PRODUCTION, PUBLICATION, DISTRIBUTION, MANUFACTURE, AND COPYRIGHT NOTICE
Place of production, publication, distribution, manufacture Buenos Aires :
Name of producer, publisher, distributor, manufacturer Grupo Editor Latinoamericano
Date of production, publication, distribution, manufacture, or copyright notice 1994
300 ## - PHYSICAL DESCRIPTION
Extent 232 p.
Dimensions 23 cm.
590 ## - LOCAL NOTE (RLIN)
Local note niveau_biblio:m niveau_hierar:0
700 1# - ADDED ENTRY--PERSONAL NAME
Personal name Sguiglia, Eduardo
700 1# - ADDED ENTRY--PERSONAL NAME
Personal name Delgado, Ricardo
942 ## - ADDED ENTRY ELEMENTS (KOHA)
Koha item type
Existencias
Withdrawn status Lost status Damaged status Not for loan Home library Current library Shelving location Date acquired Total checkouts Full call number Barcode Date last seen Price effective from Koha item type
        Biblioteca Prof. Eusebio Cleto del Rey Biblioteca Prof. Eusebio Cleto del Rey   07/04/2026   338 S318 L65168 07/04/2026 07/04/2026 Libro